Language Quiz

Random Language or Latin Quiz
Score 0/25 Timer 07:00
0 Plays Today
% Correct
Iesus Christus Celeberrimus Cantor
97.6%
Ioseph et Mirificus Amictus Multorum Colorum
97.4%
Feles
97.2%
Chorus Numerus
96.4%
Mater Mea
96%
Da Mi Basia Katerina
94.7%
Urinae Oppidum
93.5%
Puella Pulchra et Bestia
92.9%
Miseri
92.6%
Capta Me Si Possis
91.9%
Araneorum Vir, Extingui Tenebras
90.6%
Fidulista in Tecto
89.9%
Adulescentes et Puellae
88.4%
% Correct
Sororum Actio
86%
Quadragesimus Secundus Via
85.1%
Pingue
75%
In Silvas
72.7%
Ordinatores
72.3%
Liber Posterorum Dierum Sanctorum
72.2%
Taberna Atrocitatum
69%
Juxta Consuetudinem
67.2%
Flumenis Ballatio
66.1%
Aliquid Sit
61.5%
Imago Melodramatis
61.5%
Modi Syncopati
52.7%
Remove Ads.
Support Sporcle.
Get the best of Sporcle when you Go Orange. This ad-free experience offers more features, more stats, and more fun while also helping to support Sporcle. Thank you for becoming a member.

You're not logged in!

Compare scores with friends on all Sporcle quizzes.
OR
Log In

Sporcle TV

Today on Sporcle TV


Watch our educational content, quiz creation guides, and fun videos on Sporcle TV.

Show Comments

Extras

Top Quizzes Today


Score Distribution

Paid Content

Your Account Isn't Verified!

In order to create a playlist on Sporcle, you need to verify the email address you used during registration. Go to your Sporcle Settings to finish the process.

Report this User

Report this user for behavior that violates our Community Guidelines.

Details: